La motivación como apoyo para el alcance del perfil académico deseado en los estudiantes de tercer año de bachillerato en gestión y desarrollo turístico del instituto nacional "Dr. Sarbelio Navarrete de San Vicente" (Registro nro. 27694)

Detalles MARC
000 -CABECERA
Longitud fija campo de control 01189nam a22002177a 4500
003 - IDENTIFICADOR DELl NÚMERO DE CONTROL
Identificador del número de control OSt
005 - FECHA Y HORA DE LA ÚLTIMA TRANSACCIÓN
Fecha y hora de la última transacción 20170511152403.0
008 - CÓDIGOS DE INFORMACIÓN DE LONGITUD FIJA
Códigos de información de longitud fija 150407b xxu||||| |||| 00| 0 eng d
040 ## - FUENTE DE LA CATALOGACIÓN
Centro transcriptor CRI
082 ## - NÚMERO DE LA CLASIFICACIÓN DECIMAL DEWEY
Númeroo de clasificación 370.154
100 ## - PUNTO DE ACCESO PRINCIPAL-NOMBRE DE PERSONA
9 (RLIN) 41249
Nombre de persona Iraheta, Fátima Gissella
245 10 - MENCIÓN DE TÍTULO
Título La motivación como apoyo para el alcance del perfil académico deseado en los estudiantes de tercer año de bachillerato en gestión y desarrollo turístico del instituto nacional "Dr. Sarbelio Navarrete de San Vicente"
Resto del título : Investigación
Mención de responsabilidad, etc. Fátima Giessella Iraheta, Juan Francisco Antonio Serrano Marroquin, Edwin Onoris Flores Duranwq
260 ## - PUBLICACIÓN, DISTRIBUCIÓN, ETC. (PIE DE IMPRENTA)
Lugar de publicación, distribución, etc. Ilobasco (Cabañas)
Nombre del editor, distribuidor, etc. Universidad Católica de El Salvador
Fecha de publicación, distribución, etc. 2012
300 ## - DESCRIPCIÓN FÍSICA
Extensión 48 p.
Dimensiones 27 cm
Material anejo + 1 disco compacto
502 ## - NOTA DE TESIS
Nota de tesis Trabajo de graduación para optar al grado académico de Licenciado/a en Ciencias de la Educación Especialidad en Dirección y Administración Escolar
650 #0 - PUNTO DE ACCESO ADICIONAL DE MATERIA - TÉRMINO DE MATERIA
9 (RLIN) 9848
Término de materia o nombre geográfico como elemento inicial Motivación en educación
700 ## - PUNTO DE ACCESO ADICIONAL - NOMBRE DE PERSONA
9 (RLIN) 41250
Nombre de persona Serrano Marroquin, Juan Francisco Antonio
700 ## - PUNTO DE ACCESO ADICIONAL - NOMBRE DE PERSONA
9 (RLIN) 41251
Nombre de persona Flores Duran, Edwin Onoris
710 ## - PUNTO DE ACCESO ADICIONAL - NOMBRE DE ENTIDAD
9 (RLIN) 40915
Nombre de entidad o nombre de jurisdicción como elemento inicial Universidad Católica de El Salvador
Unidad subordinada Centro Regional de Ilobasco
942 ## - ENTRADA DE ELEMENTOS AGREGADOS (KOHA)
Fuente de clasificaión o esquema Dewey Decimal Classification
Koha [por defecto] tipo de item 4- Trabajo de Graduación
Parte de clasificación prozim
Existencias
Suprimido Perdido Fuente de clasificación o esquema Estropeado Restricciones de uso No para préstamo Código de colección Localización permanente Localización actual Localización en estanter&íacute;as Fecha adquisición Fuente de adquisición Número de inventario Préstamos totales Signatura completa Código de barras Fecha última consulta Fecha del precio de reemplazo Tipo de item de Koha
NULL NULL Dewey Decimal Classification NULL Prestable NULL NULL Biblioteca Centro Regional de Ilobasco Biblioteca Centro Regional de Ilobasco Sala Principal 03/11/2012 CRI 000034   IN-000034 1041599 11/05/2017 11/05/2017 4- Trabajo de Graduación